[Event "Moscow blitz"]
[Site "Moscow"]
[Date "1993.??.??"]
[Round "?"]
[White "Khalifman, Alexander"]
[Black "Ljubojevic, Ljubomir"]
[Result "0-1"]
[WhiteElo "2630"]
[BlackElo "2605"]

1.d4 Nf6 2.c4 g6 3.Nc3 Bg7 4.e4 O-O 5.Bd3 d6 6.Nge2 c5 7.d5 Re8 8.O-O a6
9.Ng3 e6 10.a4 exd5 11.cxd5 Nbd7 12.h3 Qc7 13.Bg5 c4 14.Be2 Nc5 15.Qc2 Nb3
16.Rad1 Bd7 17.Rfe1 b5 18.Bf1 Rac8 19.e5 Rxe5 20.Rxe5 dxe5 21.d6 Qc6 22.Bxf6 Bxf6
23.Nd5 Bd8 24.Qc3 Qxd6 25.Ne4 Qe6 26.Ndf6+ Bxf6 27.Rd6 Bg7 28.Rxe6 Bxe6 29.Ng5 Bd5
30.axb5 axb5 31.Qa5 Nd4 32.Qa7 Bf6 33.h4 h6 34.Nh3 Bxh4 35.Qd7 Rd8 36.Qc7  0-1

[Event "Moscow blitz"]
[Site "Moscow"]
[Date "1993.??.??"]
[Round "?"]
[White "Khalifman, Alexander"]
[Black "Shirov, Alexei"]
[Result "1/2-1/2"]
[WhiteElo "2630"]
[BlackElo "2670"]

1.d4 Nf6 2.c4 g6 3.Nc3 Bg7 4.e4 d6 5.Bd3 O-O 6.Nge2 Nc6 7.O-O e5 8.d5 Nd4
9.Nxd4 exd4 10.Ne2 Re8 11.f3 c5 12.Bg5 Qb6 13.Rb1 Bd7 14.Qd2 Re5 15.Ng3 Rae8
16.h3 Qa6 17.b3 b5 18.Rbe1 bxc4 19.bxc4 Rxg5 20.Qxg5 Qxa2 21.Qf4 Qb3 22.Qxd6 Qxd3
23.e5 Bf8 24.Qxf6 Qxc4 25.d6 d3 26.Ne4 Qd4+ 27.Kh1 Bg7 28.Qg5 Qxe5 29.Qxe5 Rxe5
30.Rc1 Rxe4 31.fxe4 Bd4 32.Rfd1 Bb5 33.Rxd3 Bxd3 34.d7 Bf6 35.Rxc5 Bxe4 36.Rc8+ Kg7
37.d8=Q Bxd8 38.Rxd8  1/2-1/2

[Event "Moscow blitz"]
[Site "Moscow"]
[Date "1993.??.??"]
[Round "?"]
[White "Khalifman, Alexander"]
[Black "Tiviakov, Sergei"]
[Result "1-0"]
[WhiteElo "2630"]
[BlackElo "2575"]

1.d4 Nf6 2.c4 e6 3.Nf3 b6 4.e3 Bb7 5.Bd3 d5 6.cxd5 Nxd5 7.e4 Nb4 8.Bb5+ c6
9.Be2 Be7 10.a3 N4a6 11.Nc3 O-O 12.O-O c5 13.d5 Nc7 14.Bc4 exd5 15.Nxd5 Nxd5
16.Bxd5 Bxd5 17.exd5 Nd7 18.Bf4 Bf6 19.Qc2 Re8 20.Rfe1 b5 21.d6 c4 22.Rxe8+ Qxe8
23.Re1 Qd8 24.Qf5 a6 25.Ng5 Bxg5 26.Bxg5 Nf6 27.Bxf6 Qxf6 28.Qe4 Rf8 29.d7 g6
30.Qe7 Qd4 31.Qxf8+ Kxf8 32.Re8+ Kg7 33.d8=Q  1-0

[Event "Moscow blitz"]
[Site "Moscow"]
[Date "1993.??.??"]
[Round "?"]
[White "Khalifman, Alexander"]
[Black "Sherbakov, Ruslan"]
[Result "0-1"]
[WhiteElo "2630"]
[BlackElo "2570"]

1.Nf3 Nf6 2.c4 g6 3.b4 Bg7 4.Bb2 O-O 5.d3 d5 6.cxd5 Nxd5 7.Bxg7 Kxg7 8.Qb3 e6
9.Nbd2 Na6 10.a3 c5 11.b5 Nac7 12.g3 b6 13.Bg2 Bb7 14.O-O a6 15.bxa6 Rxa6
16.Ne4 Qe7 17.Rfc1 f5 18.Qb2+ Kg8 19.Ned2 Qf6 20.Qb3 Rfa8 21.Nc4 b5 22.Nce5 b4
23.a4 Ra5 24.e4 fxe4 25.dxe4 Ne7 26.Nc4 R5a6 27.Re1 Bxe4 28.Nfe5 Bd5 29.Qe3 Bxg2
30.Kxg2 Ned5 31.Qxc5 Rxa4 32.Rxa4 Rxa4 33.Nb6 Ra2 34.Nxd5 Nxd5 35.Qc8+ Kg7
36.Qd7+ Kh8 37.Nf7+ Kg7 38.Ng5+ Kh6 39.Nf7+ Kg7 40.Ne5+ Kh8  0-1

[Event "Moscow blitz"]
[Site "Moscow"]
[Date "1993.??.??"]
[Round "?"]
[White "Khalifman, Alexander"]
[Black "Vaganian, Rafael A"]
[Result "1/2-1/2"]
[WhiteElo "2630"]
[BlackElo "2615"]

1.d4 Nf6 2.c4 d6 3.Nc3 Nbd7 4.e4 e5 5.d5 Be7 6.Nf3 O-O 7.Be2 c6 8.O-O cxd5
9.cxd5 b5 10.Bd2 Ng4 11.Ne1 f5 12.Bxg4 fxg4 13.Nc2 Nc5 14.Nb4 Bh4 15.Be3 Qf6
16.Nc6 Qg6 17.Qc2 b4 18.Nxb4 a5 19.Nc6 Ba6 20.Rfd1 Rae8 21.Nxa5 Rf3 22.b4 Bd3
23.Rxd3 Nxd3 24.g3 Nxb4 25.Qb1 Na6 26.gxh4 g3 27.hxg3 Rxg3+ 28.fxg3 Qxg3+
29.Kh1 Qxe3 30.Qe1 Qh3+ 31.Kg1 Rf8 32.Ne2 Nc5 33.Rb1 Nxe4 34.Rb3 Qg4+  1/2-1/2

[Event "Keres mem"]
[Site "Rakvere"]
[Date "1993.??.??"]
[Round "4"]
[White "Rozentalis, Eduardas"]
[Black "Khalifman, Alexander"]
[Result "1/2-1/2"]
[WhiteElo "2600"]
[BlackElo "2645"]

1.e4 c5 2.c3 Nf6 3.e5 Nd5 4.g3 d6 5.exd6 e6 6.Bg2 Bxd6 7.Nf3 Nc6 8.O-O O-O
9.d4 Bd7 10.dxc5 Bxc5 11.Nbd2 Be7 12.Qe2 Qc7 13.Ne4 Rfe8 14.c4 Nf6 15.Nc3 a6
16.b3 e5 17.Bb2 Bg4 18.Nd5  1/2-1/2

[Event "Keres mem"]
[Site "Rakvere"]
[Date "1993.??.??"]
[Round "5"]
[White "Khalifman, Alexander"]
[Black "Ehlvest, Jaan"]
[Result "1/2-1/2"]
[WhiteElo "2645"]
[BlackElo "2620"]

1.e4 e6 2.d4 d5 3.Nc3 Bb4 4.e5 Ne7 5.a3 Bxc3+ 6.bxc3 b6 7.Qg4 Ng6 8.h4 h5
9.Qd1 Ba6 10.Bxa6 Nxa6 11.Bg5 Qd7 12.Ne2 Nb8 13.Ng3 Qc6 14.Qf3 Nd7 15.Bd2 Qa4
16.Nxh5 Rh7 17.Rc1 c5 18.Nf4 Nxh4 19.Qg4 Nf3+ 20.Ke2 Nfxe5 21.Qg3 Qb5+ 22.Nd3 Rxh1
23.Rxh1 Ng6 24.Rh7 Nf6 25.a4 Qc4 26.Rxg7 Nh5 27.Qc7 Nxg7 28.Qc6+ Ke7 29.Bg5+ f6
30.Qb7+ Kf8 31.Qxa8+ Kf7 32.Qxa7+ Ne7 33.Kd1 cxd4  1/2-1/2

[Event "Keres mem"]
[Site "Rakvere"]
[Date "1993.??.??"]
[Round "7"]
[White "Khalifman, Alexander"]
[Black "Wojtkiewicz, Aleksander"]
[Result "1/2-1/2"]
[WhiteElo "2645"]
[BlackElo "2570"]

1.d4 Nf6 2.c4 e6 3.Nf3 c5 4.d5 d6 5.Nc3 exd5 6.cxd5 g6 7.e4 Bg7 8.Nd2 O-O
9.Be2 Na6 10.O-O Nc7 11.a4 b6 12.Nc4 Ba6 13.Bd2 Bxc4 14.Bxc4 a6 15.Qe2 Re8
16.f3 Nd7 17.Rab1 f5 18.b4 Bd4+ 19.Kh1 Qf6 20.Rfc1 cxb4 21.Rxb4 Nc5 22.Rxb6 Nd3
23.Qxd3 Bxb6 24.exf5 gxf5 25.Ne2 Re7 26.Rb1 Bc5 27.Bc3 Qg5 28.Bd2 Qf6 29.Bc3  1/2-1/2

[Event "Keres mem"]
[Site "Rakvere"]
[Date "1993.??.??"]
[Round "8"]
[White "Yermolinsky, Alex"]
[Black "Khalifman, Alexander"]
[Result "1/2-1/2"]
[WhiteElo "2605"]
[BlackElo "2645"]

1.e4 c6 2.d4 d5 3.e5 Bf5 4.Nf3 e6 5.Be2 c5 6.O-O Nc6 7.c3 cxd4 8.cxd4 Nge7
9.a3 Nc8 10.Bg5 Be7 11.Bxe7 N8xe7 12.b4 O-O 13.Nbd2 Qb6 14.Nb3 Bg4  1/2-1/2

[Event "Keres mem"]
[Site "Rakvere"]
[Date "1993.??.??"]
[Round "9"]
[White "Ehlvest, Jaan"]
[Black "Khalifman, Alexander"]
[Result "0-1"]
[WhiteElo "2620"]
[BlackElo "2645"]

1.d4 d5 2.Nf3 Nf6 3.c4 c6 4.Nc3 a6 5.Qb3 e6 6.Bg5 dxc4 7.Qxc4 b5 8.Qd3 c5
9.Bxf6 gxf6 10.e3 Bb7 11.Be2 cxd4 12.exd4 Bg7 13.O-O Nc6 14.a4 Nb4 15.Qd2 bxa4
16.Nxa4 a5 17.Bb5+ Ke7 18.Be2 Qd6 19.Nc5 Bd5 20.Ra3 Nc6 21.Na4 f5 22.Rd1 Rab8
23.Nc3 Bxf3 24.Bxf3 Nxd4 25.Rxa5 Nxf3+ 26.gxf3 Qxd2 27.Ra7+ Kf6 28.Rxd2 Rhd8
29.Rxd8 Rxd8 30.Kf1 Rd2 31.Rb7 Kg6 32.Ke1 Rxb2 33.Nb5 Bd4 34.Nd6 Bxf2+ 35.Kf1 Rxb7
36.Nxb7 Bb6 37.Kg2 Bc7 38.Nc5 Bd6 39.Nd3 e5 40.Nf2 Kg5 41.Nh3+ Kf6 42.Ng1 f4
43.Ne2 Ke6 44.Nc3 Bb4 45.Ne4 f5 46.Nf2 Kd5 47.Kf1 e4 48.Ke2 Bc5 49.Nh3 Ke5
50.Ng5 Kf6 51.Nh3 Be3  0-1

[Event "Sevilla op"]
[Site "Sevilla"]
[Date "1993.??.??"]
[Round "?"]
[White "Dolmatov, Sergey"]
[Black "Khalifman, Alexander"]
[Result "1/2-1/2"]
[WhiteElo "2615"]
[BlackElo "2630"]

1.e4 e5 2.Nf3 Nc6 3.Bb5 a6 4.Ba4 Nf6 5.O-O Be7 6.Re1 b5 7.Bb3 O-O 8.c3 d5
9.exd5 Nxd5 10.Nxe5 Nxe5 11.Rxe5 c6 12.Re1 Bd6 13.d3 Qh4 14.g3 Qh3 15.Re4 Qd7
16.Re1 Qh3 17.Re4 Qd7 18.Re1  1/2-1/2

[Event "Sevilla op"]
[Site "Sevilla"]
[Date "1993.??.??"]
[Round "4"]
[White "Ionov, Sergey"]
[Black "Khalifman, Alexander"]
[Result "1/2-1/2"]
[WhiteElo "2495"]
[BlackElo "2645"]

1.e4 e5 2.Nf3 Nc6 3.Nc3 Nf6 4.Bb5 Nd4 5.Ba4 c6 6.O-O Qa5 7.Bb3 Nxb3 8.cxb3 d6
9.d4 Bg4 10.Be3 Be7 11.h3 Bh5 12.Qe2 O-O 13.g4 Bg6 14.Nh4 Rfe8 15.dxe5 dxe5
16.a3 Nd7 17.Nf5 Qc7  1/2-1/2

[Event "Sevilla op"]
[Site "Sevilla"]
[Date "1993.??.??"]
[Round "5"]
[White "Khalifman, Alexander"]
[Black "Pogorelov, Ruslan"]
[Result "1/2-1/2"]
[WhiteElo "2630"]
[BlackElo "2400"]

1.d4 Nf6 2.Nf3 b6 3.c4 e6 4.a3 Ba6 5.Qc2 Bb7 6.Nc3 c5 7.e4 cxd4 8.Nxd4 d6
9.Be2 a6 10.Be3 Nbd7 11.g4 h6 12.O-O-O Rc8 13.f4 Qc7 14.Kb1 Nc5 15.Bf3 b5
16.g5 hxg5 17.fxg5 Nfd7 18.cxb5 Ne5 19.bxa6 Bxa6 20.Be2 Bxe2 21.Qxe2 Be7
22.h4 O-O 23.h5 Qb7 24.Bc1 Nb3 25.Qb5  1/2-1/2

[Event "Sevilla op"]
[Site "Sevilla"]
[Date "1993.??.??"]
[Round "6"]
[White "Galego, Luis"]
[Black "Khalifman, Alexander"]
[Result "0-1"]
[WhiteElo "2390"]
[BlackElo "2630"]

1.e4 c5 2.Nf3 d6 3.d4 cxd4 4.Qxd4 Bd7 5.c4 Nc6 6.Qd2 g6 7.Nc3 Bg7 8.Be2 Nf6
9.O-O O-O 10.Rb1 a6 11.b3 Rb8 12.a4 Bg4 13.h3 Bxf3 14.Bxf3 Nd7 15.Bb2 Qa5
16.Qe3 Bd4 17.Qc1 e6 18.Ne2 Bxb2 19.Qxb2 Qe5 20.Rfd1 Rfd8 21.Nd4 Nxd4 22.Qxd4 Nc5
23.a5 Qxd4 24.Rxd4 b6 25.axb6 Rxb6 26.e5 a5 27.exd6 Rxb3 28.Rxb3 Nxb3 29.Rd3 Nc5
30.Rd1 a4 31.Bc6 a3 32.d7 Nb3 33.Ba4 Nc5 34.Bc6 Nxd7 35.Bxd7 a2 36.Ra1 Rxd7
37.Rxa2 Rd1+ 38.Kh2 Rc1 39.Ra8+ Kg7 40.Rc8 Rc3 41.Rc7 g5 42.c5 h5 43.c6 h4
44.Rc8 Kf6 45.Rc7 e5 46.Rc8 Kf5 47.Rc7 f6 48.Rc8 Kf4 49.f3 Rc2 50.Rc7 Ke3
51.Rc8 f5 52.Rf8 Kf4 53.Rc8 Rc5 54.Rc7 Ke3 55.Rf7 Kf4 56.Rc7 Rc1 57.Rc8 e4
58.fxe4 fxe4 59.Rc7 Ke3 60.Rc8 Ke2 61.Rc7 e3 62.Rc8 Ke1 63.c7 e2 64.g4 Rc3
65.Kg2 Rc2 66.Kg1 Kd2  0-1

[Event "Sevilla op"]
[Site "Sevilla"]
[Date "1993.??.??"]
[Round "7"]
[White "Khalifman, Alexander"]
[Black "Lalic, Susan"]
[Result "1-0"]
[WhiteElo "2630"]
[BlackElo "2335"]

1.Nf3 e6 2.c4 d5 3.d4 c5 4.cxd5 exd5 5.g3 Nc6 6.Bg2 Nf6 7.O-O Be7 8.dxc5 Bxc5
9.Bg5 O-O 10.Nc3 d4 11.Ne4 Be7 12.Bxf6 Bxf6 13.Rc1 Re8 14.Ne1 Be7 15.Nd3 Qb6
16.Qd2 Bg4 17.h3 Bf5 18.Qf4 Bg6 19.a3 h6 20.h4 Rad8 21.Rc2 a5 22.Rfc1 Bf8
23.Bf3 Ne7 24.h5 Nd5 25.Qh4 Bf5 26.Qh1 Rc8 27.Rxc8 Rxc8 28.Rxc8 Bxc8 29.Nd6 Qxd6
30.Bxd5 Bg4 31.Bf3 Bxf3 32.Qxf3 b6 33.Qe4 Be7 34.Qa8+ Kh7 35.Qe8 Qf6 36.Nf4 Bc5
37.Qe4+ Kg8 38.Kg2 Kh8 39.Nd3 Qg5 40.Qe8+ Kh7 41.Qxf7 a4 42.Nf4  1-0

[Event "Sevilla op"]
[Site "Sevilla"]
[Date "1993.??.??"]
[Round "9"]
[White "Khalifman, Alexander"]
[Black "Komljenovic, Davor"]
[Result "1-0"]
[WhiteElo "2630"]
[BlackElo "2475"]

1.d4 Nf6 2.Nf3 g6 3.c4 Bg7 4.Nc3 d5 5.cxd5 Nxd5 6.e4 Nxc3 7.bxc3 c5 8.Rb1 O-O
9.Be2 cxd4 10.cxd4 Qa5+ 11.Bd2 Qxa2 12.O-O b6 13.Qc1 Qe6 14.Bc4 Qd7 15.Ne5 Bxe5
16.dxe5 Ba6 17.e6 fxe6 18.Bh6 Bxc4 19.Rd1 Qc7 20.Bxf8 Kxf8 21.Rd4 Nd7 22.Rxc4 Nc5
23.Qg5 Kg7 24.e5 h6 25.Qg3 Qd7 26.h4 h5 27.Rf4 Qd5 28.Qg5 Re8 29.Rf3 Qe4
30.Rd1 a5 31.Kh2 Qg4 32.Rb1 Nd7 33.Qxg4 hxg4 34.Rc3 Rb8 35.Rb5 Kh6 36.Rc6 a4
37.Rc7 Rd8 38.Ra7 g5 39.Rxa4 gxh4 40.Rxg4 Rf8 41.Rxh4+ Kg5 42.Kg3 Rxf2 43.Rd4  1-0

[Event "Ter Apel"]
[Site "Ter Apel"]
[Date "1993.??.??"]
[Round "2"]
[White "Khalifman, Alexander"]
[Black "Nijboer, Friso"]
[Result "1-0"]
[WhiteElo "2630"]
[BlackElo "2505"]

1.d4 Nf6 2.Nf3 g6 3.c4 Bg7 4.Nc3 O-O 5.e4 d6 6.Be2 e5 7.O-O Nc6 8.d5 Ne7
9.Nd2 a5 10.a3 Nd7 11.Rb1 f5 12.b4 Nf6 13.c5 axb4 14.axb4 Kh8 15.f3 Nh5 16.Nc4 Ng8
17.b5 b6 18.cxd6 cxd6 19.Be3 Rb8 20.Na4 Bh6 21.Bxb6 Rxb6 22.Naxb6 Be3+ 23.Nxe3 Qxb6
24.Rb3 f4 25.Qc1 Bd7 26.Kh1 fxe3 27.Qxe3 Qxe3 28.Rxe3 Nf4 29.Rb1  1-0

[Event "Ter Apel"]
[Site "Ter Apel"]
[Date "1993.??.??"]
[Round "3"]
[White "Van Wely, Loek"]
[Black "Khalifman, Alexander"]
[Result "1/2-1/2"]
[WhiteElo "2560"]
[BlackElo "2630"]

1.d4 Nf6 2.c4 g6 3.Nc3 d5 4.Nf3 Bg7 5.Bf4 O-O 6.Rc1 dxc4 7.e4 c5 8.dxc5 Qa5
9.e5 Rd8 10.Bd2 Ng4 11.Bxc4 Nc6 12.Nb5 Rxd2 13.Qxd2 Qxd2+ 14.Nxd2 Ngxe5 15.O-O Bf5
16.Rcd1 Bc2 17.Rc1 Bf5 18.Rcd1 Bc2  1/2-1/2

[Event "Ter Apel"]
[Site "Ter Apel"]
[Date "1993.??.??"]
[Round "4"]
[White "Vaganian, Rafael A"]
[Black "Khalifman, Alexander"]
[Result "1/2-1/2"]
[WhiteElo "2615"]
[BlackElo "2630"]

1.Nf3 Nf6 2.c4 e6 3.Nc3 d5 4.d4 Be7 5.Bg5 O-O 6.e3 h6 7.Bh4 Ne4 8.Bxe7 Qxe7
9.Rc1 Nxc3 10.Rxc3 c6 11.Bd3 dxc4 12.Bxc4 Nd7 13.O-O e5 14.Bb3 Re8 15.d5 cxd5
16.Qxd5 Nf6 17.Qc5 Ne4 18.Qxe7 Rxe7 19.Rc2 Ng5 20.Nxg5 hxg5 21.Rfc1 Be6 22.Rc7 Rxc7
23.Rxc7  1/2-1/2

[Event "Elenite"]
[Site "Elenite"]
[Date "1994.??.??"]
[Round "7"]
[White "Epishin, Vladimir"]
[Black "Khalifman, Alexander"]
[Result "1/2-1/2"]
[WhiteElo "2650"]
[BlackElo "2645"]

1.d4 Nf6 2.c4 c5 3.d5 b5 4.Nd2 bxc4 5.e4 c3 6.bxc3 g6 7.Bd3 Bg7 8.Ne2 O-O
9.O-O e6 10.Nf4 exd5 11.e5 Ne8 12.Nxd5 Nc6 13.Nf3 Nxe5 14.Nxe5 Bxe5 15.Re1 d6
16.Bh6 Be6 17.Bxf8 Bxd5 18.Rxe5 dxe5 19.Bxc5 Qc7 20.Be3 Qc6 21.Bf1 Nd6 22.Qe1  1/2-1/2

[Event "Elenite"]
[Site "Elenite"]
[Date "1994.??.??"]
[Round "9"]
[White "Azmaiparashvili, Zurab"]
[Black "Khalifman, Alexander"]
[Result "1/2-1/2"]
[WhiteElo "2625"]
[BlackElo "2645"]

1.e4 c6 2.c4 d5 3.exd5 cxd5 4.cxd5 Nf6 5.Nc3 Nxd5 6.Nf3 e6 7.d4 Nc6 8.Bd3 Be7
9.O-O O-O 10.Re1 Bf6 11.Be4 Nce7 12.Bg5 Bxg5 13.Nxg5 h6 14.Bh7+ Kh8 15.Bc2 Nf6
16.Nge4 Ned5 17.Nxf6 Nxf6 18.Qd3 Bd7  1/2-1/2

[Event "Eupen op act"]
[Site "Eupen"]
[Date "1994.??.??"]
[Round "3"]
[White "Van Beers, Eddy"]
[Black "Khalifman, Alexander"]
[Result "0-1"]
[WhiteElo "2165"]
[BlackElo "2660"]

1.d4 Nf6 2.c4 e6 3.Nc3 Bb4 4.e3 c5 5.Ne2 cxd4 6.exd4 O-O 7.a3 Be7 8.d5 exd5
9.cxd5 Re8 10.g3 Bc5 11.b4 Bb6 12.h3 a5 13.Bb2 axb4 14.axb4 Rxa1 15.Bxa1 Na6
16.b5 Nc5 17.Bg2 d6 18.O-O Qe7 19.Nf4 Bf5 20.g4 Bg6 21.Na4 Nxa4 22.Qxa4 Ne4
23.Nxg6 hxg6 24.Bd4 Bxd4 25.Qxd4 Nc5 26.b6 Ra8 27.Ra1 Rxa1+ 28.Qxa1 Qd8 29.Qa7 Kh7
30.Bf1 Qf6 31.Qa3 Qf4 32.Bg2 Qe5 33.Qf3 Kg8 34.Qa3 Qe1+ 35.Bf1 Ne4 36.Qe3 Qxe3
37.fxe3 Nf6 38.Bb5 Nxd5 39.Bc6 Nxe3 40.Bxb7 Nc4  0-1

[Event "Eupen op act"]
[Site "Eupen"]
[Date "1994.??.??"]
[Round "4"]
[White "Khalifman, Alexander"]
[Black "Vidoniak, Roman"]
[Result "1-0"]
[WhiteElo "2660"]
[BlackElo "2385"]

1.d4 d5 2.c4 c6 3.Nc3 Nf6 4.Nf3 a6 5.Qb3 e6 6.cxd5 exd5 7.Bg5 Be7 8.e3 Ne4
9.Bxe7 Qxe7 10.Bd3 Bf5 11.O-O O-O 12.Bxe4 dxe4 13.Nd2 Be6 14.Qb6 f5 15.Nb3 Bxb3
16.axb3 Rf7 17.Ra5 Qf8 18.Na4 Qc8 19.Nc5 Qc7 20.Qxc7 Rxc7 21.Na4 b5 22.Nc5 Nd7
23.Rc1 Nxc5 24.Rxc5 g6 25.Ra1 Kf7 26.Rac1 Rac8 27.h3 Ke7 28.b4 Kd6 29.Kh2 Rf8
30.R1c2 Rff7 31.g4 h6 32.Kg3  1-0

[Event "Munich Express"]
[Site "Munich"]
[Date "1994.??.??"]
[Round "?"]
[White "Khalifman, Alexander"]
[Black "Cvitan, Ognjen"]
[Result "0-1"]
[WhiteElo "2660"]
[BlackElo "2570"]

1.e4 c5 2.Nf3 e6 3.c3 Nf6 4.e5 Nd5 5.d4 cxd4 6.cxd4 b6 7.Nc3 Nxc3 8.bxc3 Qc7
9.Bd2 Bb7 10.Bd3 d6 11.O-O Nd7 12.Re1 Be7 13.h3 O-O 14.Ng5 h6 15.Qh5 dxe5
16.Nf3 e4 17.Rxe4 Nf6 18.Qe5 Bd6 19.Qxf6 Bxe4  0-1

[Event "PCA-op playoff"]
[Site "New York"]
[Date "1994.??.??"]
[Round "?"]
[White "Khalifman, Alexander"]
[Black "Ehlvest, Jaan"]
[Result "0-1"]
[WhiteElo "2645"]
[BlackElo "2600"]

1.Nf3 d5 2.d4 Nf6 3.c4 c6 4.Nc3 dxc4 5.a4 Bf5 6.e3 e6 7.Bxc4 Bb4 8.O-O Nbd7
9.Qe2 O-O 10.e4 Bg6 11.Bd3 h6 12.e5 Nd5 13.Nxd5 cxd5 14.Bxg6 fxg6 15.Qb5 Qe7
16.a5 Nb8 17.h3 a6 18.Qd3 g5 19.Bd2 Nc6 20.Bc3 Qd8 21.Bxb4 Nxb4 22.Qb3 Qe7
23.Rfc1 Nc6 24.Qc3 Rf4 25.g3 Rf5 26.Ne1 Raf8 27.Rc2 Qf7 28.Qe3 g4 29.Ra3 Qg6
30.Qd3 Qh5 31.Ra4 Qxh3 32.Qf1 Qh5 33.Qd3 Nd8 34.Rb4 Nf7 35.Rxb7 Ng5 36.Qe3 Nh3+
37.Kg2 Rxf2+ 38.Rxf2 Rxf2+ 39.Qxf2 Nxf2 40.Kxf2 Qf5+ 41.Ke3 Qe4+ 42.Kd2 Qxd4+
43.Nd3 Qa4 44.b4 Qa2+ 45.Ke3 Qh2 46.Rb6 Qxg3+ 47.Kd4 Qh4 48.Kc3 g3 49.Rxe6 g2
50.Rd6 Qg3 51.Rxa6 g1=Q 52.Ra8+ Kh7  0-1

[Event "PCA-op"]
[Site "New York"]
[Date "1994.??.??"]
[Round "6"]
[White "Christiansen, Larry Mark"]
[Black "Khalifman, Alexander"]
[Result "1/2-1/2"]
[WhiteElo "2575"]
[BlackElo "2645"]

1.c4 Nf6 2.Nc3 e6 3.e4 c5 4.e5 Ng8 5.Nf3 d6 6.exd6 Bxd6 7.g3 Nf6 8.Bg2 O-O
9.d4 cxd4 10.Nxd4 a6 11.O-O e5 12.Nde2 h6 13.Be3 Bg4 14.Qc2 Nc6 15.Rad1 Qe7
16.h3 Bh5 17.a3 Rac8 18.b4 Rfe8 19.Rd2 Bb8 20.Ne4 Bg6 21.N2c3 Qe6 22.Nxf6+ Qxf6
23.Qd1 e4 24.Nd5 Qe6 25.c5 Bf5 26.g4 Bh7 27.Nf4 Qf6 28.Nh5 Qe6 29.Qa1 Be5
30.Qb1 f5 31.f4 exf3 32.Bxf3 fxg4 33.Bxg4 Bxb1 34.Bxe6+ Rxe6 35.Rxb1 Bc3
36.Rd3 Rxe3 37.Rxe3 Bd4 38.Kf2 Re8 39.Rb3 a5 40.Nf4 axb4 41.axb4 Rxe3  1/2-1/2

[Event "PCA-op"]
[Site "New York"]
[Date "1994.??.??"]
[Round "8"]
[White "Van Wely, Loek"]
[Black "Khalifman, Alexander"]
[Result "0-1"]
[WhiteElo "2560"]
[BlackElo "2645"]

1.d4 d5 2.c4 c6 3.Nc3 Nf6 4.Nf3 a6 5.c5 Nbd7 6.Bf4 Nh5 7.e3 Nxf4 8.exf4 g6
9.Bd3 Bg7 10.O-O O-O 11.b4 b6 12.Qc2 a5 13.a3 Qc7 14.g3 e6 15.h4 Ba6 16.h5 Bxd3
17.Qxd3 Qb7 18.hxg6 hxg6 19.Ne5 Nxe5 20.fxe5 axb4 21.axb4 b5 22.Rab1 Qe7
23.Kg2 Ra6 24.Nd1 Rfa8 25.Ne3 Ra3 26.Qe2 Ra2 27.Qf3 Qg5 28.Rh1 R8a3 29.Rh4 Rxe3  0-1

[Event "Pardubice"]
[Site "Pardubice"]
[Date "1994.??.??"]
[Round "1"]
[White "Kindermann, Stefan"]
[Black "Khalifman, Alexander"]
[Result "1/2-1/2"]
[WhiteElo "2560"]
[BlackElo "2645"]

1.e4 c5 2.Nf3 d6 3.d4 cxd4 4.Nxd4 Nf6 5.Nc3 Nc6 6.Bg5 e6 7.Qd2 Be7 8.O-O-O O-O
9.f4 Nxd4 10.Qxd4 Qa5 11.Bc4 Bd7 12.e5 dxe5 13.fxe5 Bc6 14.Bd2 Nd7 15.Nd5 Qd8
16.Nxe7+ Qxe7 17.Rhe1 Rfd8 18.Qg4 Nf8 19.Bf1 Qc5 20.Qb4 Qf2 21.Qf4 Qb6 22.Qg3 Rac8
23.h4 Qc5 24.Bc3 Rxd1+ 25.Rxd1 Bb5 26.Bxb5 Qxb5 27.Qf2 a6 28.h5 h6 29.Qh4 Qc6
30.g4 Qc4 31.a3 b5 32.Kb1 a5 33.Rd8 Qf1+ 34.Ka2 Qc4+ 35.Kb1 Qf1+  1/2-1/2

[Event "Pardubice"]
[Site "Pardubice"]
[Date "1994.??.??"]
[Round "5"]
[White "Khalifman, Alexander"]
[Black "Polgar, Zsuzsa"]
[Result "1/2-1/2"]
[WhiteElo "2645"]
[BlackElo "2550"]

1.d4 d5 2.Nf3 c6 3.c4 Nf6 4.Nc3 e6 5.Bg5 h6 6.Bxf6 Qxf6 7.e3 Nd7 8.Bd3 g6
9.O-O Bg7 10.Re1 O-O 11.e4 dxe4 12.Nxe4 Qf4 13.g3  1/2-1/2

[Event "Pardubice"]
[Site "Pardubice"]
[Date "1994.??.??"]
[Round "9"]
[White "Khalifman, Alexander"]
[Black "Shirov, Alexei"]
[Result "1-0"]
[WhiteElo "2645"]
[BlackElo "2740"]

1.d4 d5 2.c4 c6 3.Nf3 Nf6 4.Nc3 e6 5.Bg5 dxc4 6.e4 b5 7.e5 h6 8.Bh4 g5 9.Nxg5 hxg5
10.Bxg5 Nbd7 11.g3 Rg8 12.h4 Rxg5 13.hxg5 Nd5 14.g6 fxg6 15.Qg4 Qe7 16.Rh8 Nxc3
17.bxc3 Qa3 18.Qxg6+ Kd8 19.Rd1 Qxc3+ 20.Ke2 Qb2+ 21.Rd2 Qb4 22.Qxe6 c3 23.a3 Qxa3
24.Rc2 Kc7 25.Rh7 b4 26.Ra2 b3 27.Rxa3 c2 28.Ra4 c1=Q 29.Rc4  1-0

[Event "St Petersburg op2"]
[Site "St Petersburg"]
[Date "1994.??.??"]
[Round "1"]
[White "Khalifman, Alexander"]
[Black "Lukin, Andrei M"]
[Result "1-0"]
[WhiteElo "2645"]
[BlackElo "2425"]

1.Nf3 c5 2.c4 Nf6 3.Nc3 e6 4.g3 d5 5.cxd5 Nxd5 6.Bg2 Nc6 7.O-O Be7 8.d4 O-O
9.Nxd5 exd5 10.dxc5 Bxc5 11.Bg5 f6 12.Bd2 Be6 13.e3 Qd7 14.Rc1 Bb6 15.Bc3 Rfd8
16.Bd4 Nxd4 17.Nxd4 Bh3 18.Bxh3 Qxh3 19.Ne2 Qf5 20.Qb3 Kh8 21.Rfd1 Qf3 22.Qd3 Rd7
23.Nd4 Qg4 24.Qe2 Qe4 25.Qb5 Rad8 26.a4 Qe7 27.a5 Bxd4 28.Rxd4 f5 29.b4 Qe6
30.Qd3 a6 31.Rc5 g6 32.b5 axb5 33.Rxb5 Qc6 34.Qb3 Qc1+ 35.Kg2 Qc6 36.h4 Kg7
37.Rb6 Qc5 38.Rb5 Qc6 39.Kh2 Kh6 40.Rb6 Qc5 41.h5 Qxa5 42.hxg6 hxg6 43.Qb2 f4
44.Rxf4 d4 45.Rh4+ Kg7 46.Rxb7  1-0

[Event "St Petersburg op2"]
[Site "St Petersburg"]
[Date "1994.??.??"]
[Round "4"]
[White "Shchekachev, Andrei"]
[Black "Khalifman, Alexander"]
[Result "1-0"]
[WhiteElo "2480"]
[BlackElo "2645"]

1.e4 c5 2.d3 Nc6 3.g3 g6 4.Bg2 Bg7 5.f4 e6 6.Nf3 Nge7 7.O-O O-O 8.c3 b6 9.Na3 Ba6
10.Re1 d6 11.Be3 Rc8 12.Bf2 Qd7 13.Nc2 Bb7 14.Qe2 Rfe8 15.Rad1 a6 16.d4 cxd4
17.Nfxd4 Qc7 18.Nxc6 Nxc6 19.c4 Bxb2 20.Rb1 Bg7 21.Bxb6 Qe7 22.Qd3 Nb8 23.Bf2 Bc6
24.Nd4 Ba8 25.Nb3 Nd7 26.Rbd1 Nf6 27.Qxd6 Qxd6 28.Rxd6 Rxc4 29.Rxa6 Nxe4
30.Nd2 Nxd2 31.Bxa8 Bd4 32.Re2 Bxf2+ 33.Kxf2 Rd8 34.Bg2 Nb1 35.Rc6 Rxc6 36.Bxc6 Rc8
37.Bf3 Na3 38.Be4 Kf8 39.Rb2 Rc3 40.Rb3 Rxb3 41.axb3 Nb5 42.Ke3 Ke7 43.Bd3 Na7
44.Kd4 Kd6 45.Be4 Nb5+ 46.Kc4 Nc7 47.b4 f5 48.Bb7 e5 49.fxe5+ Kxe5 50.b5 Nxb5
51.Kxb5 h5 52.Kc4  1-0

[Event "St Petersburg op2"]
[Site "St Petersburg"]
[Date "1994.??.??"]
[Round "5"]
[White "Khalifman, Alexander"]
[Black "Lugovoi, Aleksei"]
[Result "1-0"]
[WhiteElo "2645"]
[BlackElo "2465"]

1.c4 e6 2.Nf3 d5 3.d4 c6 4.Nc3 Nf6 5.Bg5 h6 6.Bxf6 Qxf6 7.e3 Nd7 8.Bd3 Qd8
9.O-O Be7 10.a3 O-O 11.Qc2 a6 12.b4 f5 13.Na4 Bd6 14.Nc5 Qf6 15.Nxd7 Bxd7
16.Qc3 Kh8 17.c5 Bc7 18.a4 Be8 19.Ne5 Qe7 20.f4 g5 21.Rf2 Rg8 22.Re1 Rg7
23.Qb2 h5 24.Bf1 h4 25.Qb3 Bh5 26.b5 Bxe5 27.fxe5 axb5 28.axb5 Rf8 29.Ra1 f4
30.Ra7 cxb5 31.c6 Qc7 32.cxb7 Rb8 33.exf4 Rxb7 34.Rxb7 Qxb7 35.fxg5 Rxg5
36.Qh3 Rg4 37.Be2 Qa7 38.Bxg4 Qa1+ 39.Rf1 Qxd4+ 40.Kh1 Qxg4 41.Qxg4 Bxg4
42.Rf4  1-0

[Event "St Petersburg op2"]
[Site "St Petersburg"]
[Date "1994.??.??"]
[Round "6"]
[White "Khalifman, Alexander"]
[Black "Serper, Grigory"]
[Result "1-0"]
[WhiteElo "2645"]
[BlackElo "2575"]

1.d4 Nf6 2.c4 e6 3.Nf3 d5 4.Nc3 Bb4 5.cxd5 exd5 6.Bg5 h6 7.Bh4 g5 8.Bg3 Ne4
9.Nd2 Nxc3 10.bxc3 Bxc3 11.Rc1 Ba5 12.h4 g4 13.e3 Nc6 14.Bb5 Bd7 15.Rc5 Qe7
16.O-O Bb4 17.Rxd5 Bd6 18.Nc4 Bxg3 19.fxg3 O-O-O 20.Qa4 Qe4 21.Rc5 Kb8 22.Rf4 Qe8
23.Kh2 f5 24.Rf2 h5 25.Rb2 Rh6 26.d5 Ne5 27.Bxd7 Nxd7 28.Rxb7+ Kxb7 29.Rxc7+ Kxc7
30.Qxa7+ Kc8 31.d6  1-0

[Event "St Petersburg op2"]
[Site "St Petersburg"]
[Date "1994.??.??"]
[Round "7"]
[White "Ibragimov, Ildar"]
[Black "Khalifman, Alexander"]
[Result "1/2-1/2"]
[WhiteElo "2480"]
[BlackElo "2645"]

1.d4 Nf6 2.c4 c5 3.e3 g6 4.Nf3 Bg7 5.Nc3 O-O 6.d5 d6 7.Be2 e6 8.O-O exd5
9.cxd5 Re8 10.Nd2 Na6 11.Re1 Nc7 12.e4 Rb8 13.a4 a6 14.Rb1 b5 15.b4 cxb4
16.Rxb4 a5 17.Rxb5 Nxb5 18.Bxb5 Bg4 19.Qb3 Bd7 20.Bb2 Ng4 21.Nf3 Ne5 22.Nxe5 Bxe5
23.Qa3 Rc8 24.Bxd7 Qxd7 25.Nb5 Bxb2 26.Qxb2 Rc4 27.f3 Rxa4 28.Nxd6 Qa7+ 29.Kh1 Rb8
30.Qf6 Rab4 31.Nf5 gxf5 32.Qg5+ Kh8  1/2-1/2

[Event "Ter Apel"]
[Site "Ter Apel"]
[Date "1994.??.??"]
[Round "4"]
[White "Khalifman, Alexander"]
[Black "Andersson, Ulf"]
[Result "1/2-1/2"]
[WhiteElo "2660"]
[BlackElo "2620"]

1.d4 Nf6 2.c4 e6 3.Nc3 Bb4 4.Qc2 O-O 5.a3 Bxc3+ 6.Qxc3 b6 7.Bg5 Bb7 8.f3 h6
9.Bh4 c5 10.dxc5 bxc5 11.e3 Nc6 12.O-O-O Rb8 13.Bxf6 Qxf6 14.Qxf6 gxf6 15.Rxd7 Na5
16.Nh3 Bc6 17.Rxa7 Nb3+ 18.Kc2  1/2-1/2